00405nam a2200133Ia 4500008004100000024003800041082001700079100004200096245003100138260002600169600002100195650003800216999001700254260210s9999 xx 000 0 und d a01B-BCS-037 & 01B-BCS-031 a658.5072 MAH aMahvish Ahmed & Muniza Naz Yousuf 2aA Factor Management System aKarachi:bUITU,c2001 aComputer Science aBachelor of Computer Science (BS) c31712d31712